000 01081cam a22003497a 4500
003 CHAP
005 20220329141149.0
008 971010s1982 es a r 00010 spa d
010 _a63692
011 _a64664
035 _a70635
040 _cCHAP
082 0 4 _a581.9
_bS5Y
100 0 0 _aSimmons, I. G.
_9106170
245 1 0 _aBiogeografía
_b: natural y cultural
260 _aBarcelona :
_bOmega,
_c1982
300 _a428 p.
_b: ilus.; gráfs.
590 _aBATCH-UPD
_b10
_c20130110
_lUCH01
_h0348
590 _aBATCH-UPD
_b10
_c20130110
_lUCH01
_h1939
590 _aBATCH-UPD
_b10
_c20130410
_lUCH01
_h0022
590 _aBATCH-UPD
_b10
_c20130410
_lUCH01
_h1524
590 _aBATCH-UPD
_b10
_c20130914
_lUCH01
_h0639
590 _aCONVERSION
_b10
_c20130109
_lUCH01
_h1334
650 1 4 _aAntropogeografia.
_96125
650 1 4 _aBiogeografía.
_912741
650 1 4 _aEcosistema.
_935290
650 1 4 _aFitogeografía.
_941157
650 1 4 _aZoogeografía.
_9124148
901 _aBK
942 _cLIBRO
949 _a581.9 S5Y
_bBC
_cLIBRO
_d33724000451639
_eLIBRO
_gI. 123417
_h63137
_i70635
_si
999 _c63692
_d63692